Responsible growth of UK aviation (Record no. 72652)
[ view plain ]
| 000 -LEADER | |
|---|---|
| fixed length control field | 01003cam a2200205 4500 |
| 001 - CONTROL NUMBER | |
| control field | WB3918-20 |
| 008 - FIXED-LENGTH DATA ELEMENTS--GENERAL INFORMATION | |
| fixed length control field | 030512n2003 000 0 eng u |
| 035 ## - SYSTEM CONTROL NUMBER | |
| System control number | (Sirsi) u122243 |
| 245 ## - TITLE STATEMENT | |
| Title | Responsible growth of UK aviation |
| 260 ## - PUBLICATION, DISTRIBUTION, ETC. | |
| Date of publication, distribution, etc. | 2003 |
| 490 ## - SERIES STATEMENT | |
| Series statement | BAA News Release |
| Volume/sequential designation | 12 May 2003 (1) |
| 520 ## - SUMMARY, ETC. | |
| Summary, etc. | In response to government's consultation on aviation capacity in southeast England, BAA has called for the phased construction of three new runways at Heathrow, Gatwick and Stansted over the next 30 years. In "Responsible growth" BAA also confirms its commitment to sustainable airport development. "Responsible growth" at www.baa.com/consultation. "The future development of air transport in the United Kingdom: a national consultation" at www.aviation.dft.gov.uk/consult/airconsult/index.htm |
| 590 ## - LOCAL NOTE (RLIN) | |
| Local note | WB |
| 650 ## - SUBJECT ADDED ENTRY--TOPICAL TERM | |
| Topical term or geographic name entry element | AIRPORT EXPANSION |
| 650 ## - SUBJECT ADDED ENTRY--TOPICAL TERM | |
| Topical term or geographic name entry element | AIRPORT DEVELOPMENT |
| 650 ## - SUBJECT ADDED ENTRY--TOPICAL TERM | |
| Topical term or geographic name entry element | RUNWAYS |
| 650 ## - SUBJECT ADDED ENTRY--TOPICAL TERM | |
| Topical term or geographic name entry element | SOUTHEAST ENGLAND |
| 690 ## - LOCAL SUBJECT ADDED ENTRY--TOPICAL TERM (OCLC, RLIN) | |
| Topical term or geographic name as entry element | TRANSPORT AND COMMUNICATIONS |
| 942 ## - ADDED ENTRY ELEMENTS (KOHA) | |
| Suppress in OPAC | 0 |
| Withdrawn status | Lost status | Source of classification or shelving scheme | Damaged status | Not for loan | Home library | Current library | Shelving location | Date acquired | Total Checkouts | Full call number | Barcode | Date last seen | Copy number | Price effective from | Koha item type |
|---|---|---|---|---|---|---|---|---|---|---|---|---|---|---|---|
| Dewey Decimal Classification | London | London | News article | 12/05/2003 | WB3918-20 | 122243-1001 | 06/08/2019 | 1 | 06/08/2019 | News article |